| 000 | 00529nam a22001817a 4500 | ||
|---|---|---|---|
| 999 |
_c11988 _d11988 |
||
| 003 | AR-CdUCM | ||
| 008 | 190405b ||||| |||| 00| 0 spa d | ||
| 040 |
_aMUNICIPALIDAD PROVINCIAL DEL CUSCO _cBIBLIOTECA MUNICIPAL DEL CUSCO |
||
| 082 |
_a869.62 / _bI26 / 1936 |
||
| 100 |
_aIcaza, Jorge _9485 |
||
| 245 | _aEn las calles / | ||
| 260 |
_aBuenos Aires : _bAtlas, _c1936. |
||
| 300 |
_a164 páginas ; _c18.5 cm. |
||
| 650 |
_aNovela. _95 |
||
| 650 |
_aNovela Argentina. _99108 |
||
| 942 |
_2ddc _cLIBROS |
||
| 945 |
_awfj _d2019-04-05 |
||